000 00542nam a2200181 i 4500
001 23519
003 ES-MaACL
005 20230906152903.0
007 t|
008 021211s1971 sp ||||1| spa d
100 1 _aAmado, Georges.
_921077
245 1 3 _aLa observación de los niños difíciles /
_cGeorges Amado, Jacqueline Roy ; [traducción de Tilesa].
260 _aMadrid :
_bNarcea,
_c1971.
300 _a216 p. ;
_c19 cm.
700 1 _aRoy, Jacqueline.
_9100201
700 1 _aTilesa.
_9110256
852 _aES-MaACL
_jC-45301
_bR.79331
999 _c23519
_d23519